• 首页
  • 本馆介绍
  • 公告通知
  • 最新文献
  • 馆藏检索
  • 电子资源
  • 读者导购
  • 参考咨询
  • 我的图书馆
  • 登录
  • 详细信息显示
  • 放入我的书架
  • 预约/预借图书
  • 作者相关作品
  • 分类相关作品
  • 丛书相关作品
  • 出版社相关作品

书目信息

  • 表格格式
  • 工作单格式
  • 卡片格式
题名:
《中华人民共和国行政监察法》问答
    
 
作者: 《<中华人民共和国行政监察法>问答》编写组 编
分册:  
出版信息: 北京   中国检察出版社  1998
页数: 109页
开本: 20cm
丛书名:
单 册:
中图分类: D922.115
科图分类:
主题词: 行政管理--监察--行政法--中国--问答
电子资源:
ISBN: 7-80086-528-2
000 00816nam0 2200193 450
001 0740741359
005 20070717114501.75
010    @a7-80086-528-2@dCNY5.50
100    @a20070705d1998 km y0chiy0120 ea
101 0  @achi
102    @aCN@b110000
200 1  @a《中华人民共和国行政监察法》问答@A《zhong hua ren min gong he guo xing zheng jian cha fa》wen da@f《<中华人民共和国行政监察法>问答》编写组编@F《wen da》bian xie zu bian
210    @a北京@c中国检察出版社@d1998
215    @a109页@d20cm
606 0  @a行政管理@x监察@x行政法@y中国@x问答
690    @aD922.115@v3
701  0 @a《<中华人民共和国行政监察法>问答》编写组@A《wen da》bian xie zu@4编
801  0 @aCN@bPFT@c20070717
905    @a10447@dD922.115@e670
    
    《中华人民共和国行政监察法》问答/《<中华人民共和国行政监察法>问答》编写组编.-北京:中国检察出版社,1998
    109页;20cm
    
    
    ISBN 7-80086-528-2:CNY5.50
    
●
相关链接 在E读中查询图书 在五车中查询图书 在当当中查询图书 在豆瓣中查询图书


正题名:《中华人民共和国行政监察法》问答     索取号:D922.115/670         预约/预借

序号 登录号 条形码 馆藏地/架位号 状态 备注
1 0765012   207650120   第一样本阅览室/ [索取号:D922.115/670] 在馆    
2 0765774   207657748   密集书库/ [索取号:D922.115/670] 在馆    
3 0769240   207692406   密集书库/ [索取号:D922.115/670] 在馆    
4 0769374   207693744   密集书库/ [索取号:D922.115/670] 在馆    
5 0769580   207695804   密集书库/ [索取号:D922.115/670] 在馆    
6 0770451   207704518   密集书库/ [索取号:D922.115/670] 在馆    
唐山师范学院图书馆 欢迎您!
大连网信软件有限公司© 版权所有